000 00610nam a2200205Ia 4500
001 9383
003 GE_BSU
008 181216s||||||||xx |||||||||||||| ||und||
040 _cGE_BSU
080 _a821.353.1–1
100 _aმამფორია,ოთარ
245 _aლექსები
245 _cრედ.ვ.ჯავახაძე,მხატვ.ლ.შენგელია
260 _aთბილისი
260 _bსაბჭოთა საქართველო
260 _c1966
300 _a209გვ.16სმ.
653 _aლექსები
942 _cBK
999 _c42679
_d42679